Statistics for Countries Named After People

Click here to take the quiz!

General Stats

  • This quiz has been taken 52 times
  • The average score is 6 of 14

Answer Stats

PersonCountryPerson's name% Correct
Explorer who discovered the New WorldColombiaChristopher Columbus
89%
1st President of Gran ColombiaBoliviaSimón Bolívar
76%
He sent the Spanish ArmadaPhilippinesKing Philip II of Spain
63%
Brother of RemusRomaniaRomulus
63%
Dragon slayerGeorgiaSt. George
54%
Christian MessiahEl SalvadorJesus Christ
48%
Son of king DavidSolomon IslandsKing Solomon
46%
Noble family from AustriaLiechtensteinHouse of Liechtenstein
39%
Doubting ApostleSão Tomé and PríncipeSt. Thomas
35%
He first demonstrated that
the West Indies is not in Asia
United StatesAmerigo Vespucci
33%
Founder of the Order of PreachersDominican RepublicSt. Dominic
17%
Early Christian martyr from SyracuseSaint LuciaSt. Lucy
15%
The longest-reigning khan of the Golden HordeUzbekistanÖz Beg Khan
11%
Prince of OrangeMauritiusMaurice of Orange
4%

Score Distribution

Percentile by Number Answered

Percent of People with Each Score

Your Score History

You have not taken this quiz